Essentials of engineering leadership and innovation / (Record no. 451)

MARC details
000 -LEADER
fixed length control field 00889cam a2200289 i 4500
001 - CONTROL NUMBER
control field 19164439
003 - CONTROL NUMBER IDENTIFIER
control field OSt
005 - DATE AND TIME OF LATEST TRANSACTION
control field 20251218115652.0
008 - FIXED-LENGTH DATA ELEMENTS--GENERAL INFORMATION
fixed length control field 160706s2017 flu b 001 0 eng
010 ## - LIBRARY OF CONGRESS CONTROL NUMBER
LC control number 2016026613
020 ## - INTERNATIONAL STANDARD BOOK NUMBER
International Standard Book Number 9781439820117 (hardback : acid-free paper)
040 ## - CATALOGING SOURCE
Original cataloging agency DLC
Language of cataloging eng
Transcribing agency DLC
Description conventions rda
Modifying agency DLC
042 ## - AUTHENTICATION CODE
Authentication code pcc
050 00 - LIBRARY OF CONGRESS CALL NUMBER
Classification number TA157
Item number .M341856 2017
082 00 - DEWEY DECIMAL CLASSIFICATION NUMBER
Classification number 620.0068/4
Edition information 23
100 1# - MAIN ENTRY--PERSONAL NAME
Personal name McCauley, Pamela,
Relator term author.
9 (RLIN) 4554
245 10 - TITLE STATEMENT
Title Essentials of engineering leadership and innovation /
Statement of responsibility, etc. Pamela McCauley.
260 ## - PUBLICATION, DISTRIBUTION, ETC.
Place of publication, distribution, etc. Boca Raton :
Name of publisher, distributor, etc. CRC Press
Date of publication, distribution, etc. 2017.
300 ## - PHYSICAL DESCRIPTION
Extent xv, 234 pages ;
Dimensions 25 cm
337 ## - MEDIA TYPE
Media type term unmediated
Media type code n
Source rdamedia
338 ## - CARRIER TYPE
Carrier type term volume
Carrier type code nc
Source rdacarrier
504 ## - BIBLIOGRAPHY, ETC. NOTE
Bibliography, etc. note Includes bibliographical references and index.
650 #0 - SUBJECT ADDED ENTRY--TOPICAL TERM
Topical term or geographic name entry element Engineering
General subdivision Professional guidance.
9 (RLIN) 4555
650 #0 - SUBJECT ADDED ENTRY--TOPICAL TERM
Topical term or geographic name entry element Leadership.
9 (RLIN) 4556
942 ## - ADDED ENTRY ELEMENTS (KOHA)
Koha item type Course Textbook
Source of classification or shelving scheme Dewey Decimal Classification
942 ## - ADDED ENTRY ELEMENTS (KOHA)
Source of classification or shelving scheme Dewey Decimal Classification
Holdings
Withdrawn status Lost status Source of classification or shelving scheme Damaged status Not for loan Home library Current library Date acquired Cost, normal purchase price Total checkouts Full call number Barcode Date last seen Price effective from Koha item type
    Dewey Decimal Classification     KCST Library KCST Library 30/06/2020 20.15   620.00684 Mc Es 1000000590 30/06/2020 30/06/2020 Course Textbook
© 2025 KCST. All rights reserved